Statistiques concernant Profill #4 - Nelson Mandela

Cliquez ici pour prendre le quiz!

Statistiques générales

  • Ce quiz a été pris 227 fois
  • Le résultat moyen est 8 sur 13

Statistiques - réponses

HintRéponse% Correct
10 mai 1994 – 14 juin 1999
(5 ans, 1 mois et 4 jours)
{Président} de la République d'Afrique du Sud
96%
PrixPrix Nobel de {la} {paix}...
94%
Date de décès5 décembre {2013} (à 95 ans)
87%
Date de naissance18 juillet {1918}
82%
Lieu de décès{Johannesburg} (Afrique du Sud)
82%
Thabo Mbeki{Successeur}
79%
Robben IslandLieu d'{incarcération}
74%
Profession{Avocat}
65%
Madiba, Dalibunga{Surnom}
60%
PartiCongrès national {africain}
40%
PrédécesseurFrederik Willem {de} {Klerk}
25%
Autre affiliationParti {communiste} sud-africain
17%
ConjointEvelyn Ntoko Mase (m.1944 - div.1958)
{Winnie} Madikizela (m.1958 - div.1996)
Graça Simbine (m.1998)
16%

Distribution des résultats

Percentile par nombre de réponses

% des personnes avec chaque résultat

Votre développement - résultats

Vous n’avez pas pris ce quiz